[Event "Bezirksliga Oberbayern 1819"]
[Site "Bayern"]
[Date "2019.02.24"]
[Round "7.1"]
[White "Sandner, Michael"]
[Black "Luetkemeyer, Arnd"]
[Result "1-0"]
[WhiteElo "2111"]
[BlackElo "1939"]
[PlyCount "49"]
[EventDate "2018.10.21"]
[EventType "team-tourn"]
[EventRounds "9"]
[EventCountry "GER"]
[SourceTitle "EXT 2022"]
[Source "ChessBase"]
[SourceDate "2021.10.06"]
[SourceVersion "1"]
[SourceVersionDate "2021.10.06"]
[SourceQuality "1"]
[WhiteTeam "Traunstein/Traunreut"]
[BlackTeam "Germering II"]
[WhiteTeamCountry "GER"]
[BlackTeamCountry "GER"]

1. d4 Nf6 2. c4 g6 3. Nc3 d5 4. cxd5 Nxd5 5. e4 Nxc3 6. bxc3 Bg7 7. Bc4 c5 8. Ne2 Nc6 9. Be3 0-0 10. 0-0 a6 11. Qd2 b5 12. Bd5 Bb7 13. Bxc6 Bxc6 14. d5 Bd7 15. Bxc5 f5 16. f3 fxe4 17. fxe4 Rxf1+ 18. Rxf1 Bg4 19. Nd4 Qc7 20. Nc6 e6 21. h3 exd5 22. Qxd5+ Kh8 23. hxg4 Rc8 24. Bd4 Qxc6 25. Rf8+ 1-0

[Event "Bezirksliga Oberbayern 1819"]
[Site "Bayern"]
[Date "2019.02.03"]
[Round "6.1"]
[White "Goderbauer, Benedikt"]
[Black "Sandner, Michael"]
[Result "0-1"]
[WhiteElo "2043"]
[BlackElo "2111"]
[PlyCount "75"]
[EventDate "2018.10.21"]
[EventType "team-tourn"]
[EventRounds "9"]
[EventCountry "GER"]
[SourceTitle "EXT 2022"]
[Source "ChessBase"]
[SourceDate "2021.10.06"]
[SourceVersion "1"]
[SourceVersionDate "2021.10.06"]
[SourceQuality "1"]
[WhiteTeam "Moosburg SC"]
[BlackTeam "Traunstein/Traunreut"]
[WhiteTeamCountry "GER"]
[BlackTeamCountry "GER"]

1. d4 d5 2. c4 e6 3. Nf3 Nf6 4. g3 dxc4 5. Bg2 c5 6. Qa4+ Nbd7 7. 0-0 a6 8. Nc3 Rb8 9. dxc5 Bxc5 10. Qxc4 b5 11. Qh4 Bb7 12. Bf4 Rc8 13. Rfd1 Qb6 14. e3 0-0 15. a4 b4 16. a5 Qa7 17. Na4 Qa8 18. Nxc5 Rxc5 19. Ne1 Rh5 20. Qxh5 Nxh5 21. Rxd7 Bxg2 22. Nxg2 Nf6 23. Rd4 Rd8 24. Rxb4 Qf3 25. Ne1 Qe2 26. Bg5 Nd5 27. Bxd8 Nxb4 28. Bb6 h6 29. Bd4 f6 30. Ng2 e5 31. Bb6 Nd3 32. Rf1 Qxb2 33. Nh4 Kf7 34. Nf5 Kg6 35. Ne7+ Kg5 36. Kg2 e4 37. Nd5 Qe2 38. h3 0-1

[Event "Bezirksliga Oberbayern 1819"]
[Site "Bayern"]
[Date "2018.11.11"]
[Round "2.1"]
[White "Sandner, Michael"]
[Black "Ovsepyan, Arshak"]
[Result "0-1"]
[WhiteElo "2111"]
[BlackElo "2129"]
[PlyCount "34"]
[EventDate "2018.10.21"]
[EventType "team-tourn"]
[EventRounds "9"]
[EventCountry "GER"]
[SourceTitle "EXT 2022"]
[Source "ChessBase"]
[SourceDate "2021.10.06"]
[SourceVersion "1"]
[SourceVersionDate "2021.10.06"]
[SourceQuality "1"]
[WhiteTeam "Traunstein/Traunreut"]
[BlackTeam "Graefelfing SK"]
[WhiteTeamCountry "GER"]
[BlackTeamCountry "GER"]

1. e4 Nf6 2. e5 Nd5 3. d4 d6 4. Nf3 dxe5 5. Nxe5 c6 6. Be2 Nd7 7. Nf3 N7f6 8. c4 Nc7 9. Nc3 Bf5 10. 0-0 e6 11. Nh4 Bg6 12. Nxg6 hxg6 13. Be3 Bd6 14. g3 Qd7 15. c5 Be7 16. b4 e5 17. dxe5 Qh3 0-1

[Event "Schwarzach op 32nd"]
[Site "Schwarzach"]
[Date "2017.08.20"]
[Round "2"]
[White "Ionescu, Doru Alexandru"]
[Black "Sandner, Michael"]
[Result "1-0"]
[WhiteElo "2341"]
[BlackElo "2142"]
[PlyCount "75"]
[EventDate "2017.08.19"]
[EventType "swiss"]
[EventRounds "9"]
[EventCountry "AUT"]
[SourceTitle "CBM 180 Extra"]
[Source "ChessBase"]
[SourceDate "2017.10.06"]
[SourceVersion "1"]
[SourceVersionDate "2017.10.06"]
[SourceQuality "1"]

1. d4 Nf6 2. c4 g6 3. Nc3 d5 4. Nf3 Bg7 5. Bg5 Ne4 6. cxd5 Nxg5 7. Nxg5 e6 8. Qd2 h6 9. Nh3 exd5 10. Nf4 0-0 11. e3 c5 12. dxc5 d4 13. exd4 Qxd4 14. Qxd4 Bxd4 15. Bc4 Re8+ 16. Kf1 Bf5 17. Nfd5 Na6 18. Bxa6 bxa6 19. Nc7 Bd3+ 20. Kg1 Rab8 21. Nxe8 Rxb2 22. h4 Rxf2 23. Re1 Re2+ 24. Kh2 Bxc3 25. Rxe2 Bxe2 26. Rc1 Be5+ 27. g3 Kf8 28. Nd6 Bb5 29. Nxb5 axb5 30. c6 Bc7 31. Rd1 Ke8 32. Rd7 Bb6 33. Kg2 b4 34. Kf3 Bc5 35. g4 a5 36. Rb7 a4 37. Rb8+ Ke7 38. c7 1-0

[Event "Oberbayern Bezirksliga 1617"]
[Site "Germany"]
[Date "2017.02.05"]
[Round "5.3"]
[White "Riehl, Joerg"]
[Black "Sandner, Michael"]
[Result "1-0"]
[WhiteElo "1986"]
[BlackElo "2059"]
[PlyCount "57"]
[EventDate "2016.10.16"]
[EventType "team-tourn"]
[EventRounds "9"]
[EventCountry "GER"]
[SourceTitle "EXT 2019"]
[Source "ChessBase"]
[SourceDate "2018.10.10"]
[SourceVersion "1"]
[SourceVersionDate "2018.10.10"]
[SourceQuality "1"]
[WhiteTeam "Fuerstenfeldbruck"]
[BlackTeam "Traunstein/Traunreut"]
[WhiteTeamCountry "GER"]
[BlackTeamCountry "GER"]

1. d4 d5 2. c4 c6 3. Nf3 Nf6 4. Nc3 e6 5. e3 Nbd7 6. Qc2 Bd6 7. Bd2 0-0 8. 0-0-0 b6 9. e4 dxe4 10. Nxe4 Nxe4 11. Qxe4 Bb7 12. Bg5 Be7 13. Bf4 Nf6 14. Qc2 Qc8 15. Bd3 c5 16. Be5 g6 17. h4 Rd8 18. h5 Nxh5 19. Rxh5 gxh5 20. Bxh7+ Kf8 21. d5 exd5 22. Qd2 Qg4 23. Qh6+ Ke8 24. Re1 Bc8 25. Bf6 Be6 26. Ne5 Qxg2 27. Bc2 Bxf6 28. Qxf6 Kf8 29. Ng6+ 1-0

[Event "Oberbayern Bezirksliga 1617"]
[Site "Germany"]
[Date "2016.11.20"]
[Round "2.3"]
[White "Sandner, Michael"]
[Black "Pohle, Reinhold"]
[Result "1/2-1/2"]
[WhiteElo "2059"]
[BlackElo "1917"]
[PlyCount "125"]
[EventDate "2016.10.16"]
[EventType "team-tourn"]
[EventRounds "9"]
[EventCountry "GER"]
[SourceTitle "EXT 2019"]
[Source "ChessBase"]
[SourceDate "2018.10.10"]
[SourceVersion "1"]
[SourceVersionDate "2018.10.10"]
[SourceQuality "1"]
[WhiteTeam "Traunstein/Traunreut"]
[BlackTeam "Wolfratshausen"]
[WhiteTeamCountry "GER"]
[BlackTeamCountry "GER"]

1. e4 Nc6 2. Nf3 d5 3. exd5 Qxd5 4. Nc3 Qa5 5. Bb5 Bg4 6. h3 Bd7 7. 0-0 0-0-0 8. Re1 e6 9. a3 a6 10. Bf1 g5 11. d3 Be7 12. Bd2 Qf5 13. Ne4 f6 14. d4 Qg6 15. Bd3 Qg7 16. Qe2 Nb8 17. Bb4 h5 18. Bxe7 Nxe7 19. Nfd2 Nd5 20. g3 h4 21. c4 Nb6 22. g4 f5 23. Nc5 Qxd4 24. Ndb3 Qf6 25. Nxd7 N8xd7 26. c5 Na4 27. c6 Ndc5 28. Nxc5 Nxc5 29. cxb7+ Kxb7 30. Bc4 Rd6 31. b4 Ne4 32. b5 a5 33. b6 Rxb6 34. Rab1 Ka7 35. Rxb6 cxb6 36. Rd1 Nc5 37. Rd6 Qa1+ 38. Kg2 fxg4 39. Bxe6 Qf6 40. Qxg4 Rf8 41. Qe2 Qf4 42. Rc6 Ne4 43. Rc2 Nxf2 44. Rc3 Qe4+ 45. Qxe4 Nxe4 46. Rc7+ Kb8 47. Rg7 Rf2+ 48. Kg1 Rf3 49. Bd5 Rg3+ 50. Kh2 Nc3 51. Bg2 b5 52. Rb7+ Kc8 53. Ra7 a4 54. Bc6 Rd3 55. Rg7 Rg3 56. Re7 Nd1 57. Bxb5 Rxa3 58. Rg7 Rg3 59. Bxa4 Nf2 60. Bd7+ Kd8 61. Bf5 Ke8 62. Bg6+ Kd8 63. Bf5 1/2-1/2

[Event "Oberbayern Bezirksliga 1617"]
[Site "Germany"]
[Date "2016.10.16"]
[Round "1.3"]
[White "Theumer, Lutz"]
[Black "Sandner, Michael"]
[Result "1/2-1/2"]
[WhiteElo "2005"]
[BlackElo "2059"]
[PlyCount "33"]
[EventDate "2016.10.16"]
[EventType "team-tourn"]
[EventRounds "9"]
[EventCountry "GER"]
[SourceTitle "EXT 2019"]
[Source "ChessBase"]
[SourceDate "2018.10.10"]
[SourceVersion "1"]
[SourceVersionDate "2018.10.10"]
[SourceQuality "1"]
[WhiteTeam "Moosburg SC"]
[BlackTeam "Traunstein/Traunreut"]
[WhiteTeamCountry "GER"]
[BlackTeamCountry "GER"]

1. d4 d5 2. Bf4 Nf6 3. e3 c5 4. c3 Nc6 5. Nd2 Bf5 6. Qb3 Qc8 7. Ngf3 e6 8. h3 Be7 9. Be2 0-0 10. 0-0 c4 11. Qd1 b5 12. Nh4 a5 13. Nxf5 exf5 14. Qc2 a4 15. b3 axb3 16. axb3 g6 17. Qb2 1/2-1/2

[Event "Schwarzach op 30th"]
[Site "Schwarzach"]
[Date "2015.08.24"]
[Round "4"]
[White "Jovanovic, Zoran"]
[Black "Sandner, Michael"]
[Result "1-0"]
[WhiteElo "2508"]
[BlackElo "2112"]
[PlyCount "73"]
[EventDate "2015.08.22"]
[EventType "swiss"]
[EventRounds "9"]
[EventCountry "AUT"]
[SourceTitle "EXT 2016"]
[Source "ChessBase"]
[SourceDate "2015.10.08"]
[SourceVersion "1"]
[SourceVersionDate "2015.10.08"]
[SourceQuality "1"]

1. e4 e6 2. d4 d5 3. Nc3 Bb4 4. exd5 exd5 5. Bd3 Nf6 6. Nge2 c6 7. 0-0 0-0 8. Ng3 Re8 9. h3 Nbd7 10. Qf3 g6 11. Bg5 Bf8 12. Rae1 Rxe1 13. Rxe1 Bg7 14. Qe3 Nf8 15. Bh6 Bh8 16. Nce2 Bd7 17. c3 Qb6 18. Qd2 Re8 19. Kh2 Qd8 20. Kg1 Qc8 21. a3 Ne6 22. Nf4 Nxf4 23. Rxe8+ Qxe8 24. Qxf4 Qc8 25. b4 b5 26. Qd6 Bg7 27. Bxg7 Kxg7 28. h4 h5 29. Qe5 Qe8 30. Nxh5+ gxh5 31. Qg5+ Kf8 32. Qxf6 Qe1+ 33. Kh2 Qxc3 34. Bg6 Be6 35. f4 Qe3 36. Bxh5 Qe4 37. Bf3 1-0

[Event "Schwarzach op 30th"]
[Site "Schwarzach"]
[Date "2015.08.23"]
[Round "3"]
[White "Sandner, Michael"]
[Black "Niedermeier, Thomas"]
[Result "1-0"]
[WhiteElo "2112"]
[BlackElo "2263"]
[PlyCount "71"]
[EventDate "2015.08.22"]
[EventType "swiss"]
[EventRounds "9"]
[EventCountry "AUT"]
[SourceTitle "EXT 2016"]
[Source "ChessBase"]
[SourceDate "2015.10.08"]
[SourceVersion "1"]
[SourceVersionDate "2015.10.08"]
[SourceQuality "1"]

1. e4 Nf6 2. e5 Nd5 3. d4 d6 4. Nf3 dxe5 5. Nxe5 c6 6. Be2 Bf5 7. 0-0 Nd7 8. Nf3 e6 9. c4 N5f6 10. Nc3 Bd6 11. Nh4 Bg6 12. Bf3 Qc7 13. g3 0-0-0 14. Be3 a6 15. c5 Nxc5 16. Nxg6 hxg6 17. dxc5 Bxg3 18. hxg3 Rxd1 19. Rfxd1 Nd5 20. Nxd5 cxd5 21. b4 g5 22. Bxg5 f6 23. Be3 g5 24. a4 Qg7 25. b5 f5 26. c6 bxc6 27. Rac1 f4 28. Rxc6+ Kd7 29. Bd4 Qh6 30. Bxh8 Qxh8 31. Bg4 axb5 32. axb5 Qb2 33. Rxd5+ Ke7 34. Rxe6+ Kf7 35. Rd7+ Kf8 36. Rc6 1-0

[Event "Schwarzach op 30th"]
[Site "Schwarzach"]
[Date "2015.08.22"]
[Round "1"]
[White "Sandner, Michael"]
[Black "Kovacevic, Blazimir"]
[Result "0-1"]
[WhiteElo "2112"]
[BlackElo "2481"]
[PlyCount "86"]
[EventDate "2015.08.22"]
[EventType "swiss"]
[EventRounds "9"]
[EventCountry "AUT"]
[SourceTitle "EXT 2016"]
[Source "ChessBase"]
[SourceDate "2015.10.08"]
[SourceVersion "1"]
[SourceVersionDate "2015.10.08"]
[SourceQuality "1"]

1. e4 c5 2. Nf3 e6 3. d4 cxd4 4. Nxd4 a6 5. Bd3 Nf6 6. 0-0 d6 7. c4 b6 8. Nc3 Bb7 9. Qe2 Nbd7 10. b3 g6 11. f3 Bg7 12. Be3 0-0 13. Rac1 Re8 14. Qf2 Qc7 15. Rfd1 Rac8 16. Bf1 Qb8 17. Qd2 Bf8 18. Nc2 Be7 19. Bf4 Ne5 20. Bg3 Nh5 21. Bf2 Nd7 22. Be2 Red8 23. f4 Nhf6 24. Bf3 Qa8 25. Re1 Nc5 26. Qe2 b5 27. cxb5 Nxb3 28. axb3 Rxc3 29. Nd4 Rxc1 30. Rxc1 axb5 31. Nxb5 Bxe4 32. Bxe4 Nxe4 33. Bd4 Bf6 34. Bb6 Rb8 35. Bc7 Rc8 36. Qc4 d5 37. Qa4 Qb7 38. Qa5 Nc3 39. Nxc3 Rxc7 40. Ne2 Rxc1+ 41. Nxc1 Bb2 42. Nd3 Bd4+ 43. Kf1 Qxb3 0-1

[Event "Oberbayern-ch"]
[Site "Rosenheim"]
[Date "2014.05.31"]
[Round "6.8"]
[White "Sandner, Michael"]
[Black "Muharemagic, Asim"]
[Result "1-0"]
[WhiteElo "1889"]
[BlackElo "1962"]
[PlyCount "57"]
[EventDate "2014.05.29"]
[EventType "swiss"]
[EventRounds "7"]
[EventCountry "GER"]
[SourceTitle "EXT 2022"]
[Source "ChessBase"]
[SourceDate "2021.10.06"]
[SourceVersion "1"]
[SourceVersionDate "2021.10.06"]
[SourceQuality "1"]

1. e4 c5 2. Nf3 Nc6 3. d4 cxd4 4. Nxd4 e5 5. Nb5 d6 6. N1c3 a6 7. Na3 b5 8. Nd5 Nce7 9. Nxe7 Bxe7 10. c4 Nf6 11. Bd3 bxc4 12. Nxc4 d5 13. exd5 Qxd5 14. 0-0 Bb7 15. Ne3 Qc6 16. Bd2 Rd8 17. Ba5 Rd4 18. Qc2 0-0 19. Qxc6 Bxc6 20. Nf5 Bc5 21. Nxd4 Bxd4 22. Rac1 Bd5 23. Bc3 Bxc3 24. Rxc3 g5 25. Bxa6 Ra8 26. Rc8+ Rxc8 27. Bxc8 Bxa2 28. Re1 e4 29. Bb7 1-0

[Event "Oberbayern-ch"]
[Site "Weilheim Marnbach"]
[Date "2012.05.??"]
[Round "5.7"]
[White "Deues, Erik"]
[Black "Sandner, Michael"]
[Result "1-0"]
[WhiteElo "2036"]
[BlackElo "2090"]
[PlyCount "111"]
[EventDate "2012.05.17"]
[EventType "swiss"]
[EventRounds "7"]
[EventCountry "GER"]
[SourceTitle "EXT 2022"]
[Source "ChessBase"]
[SourceDate "2021.10.06"]
[SourceVersion "1"]
[SourceVersionDate "2021.10.06"]
[SourceQuality "1"]

1. d4 Nf6 2. c4 c5 3. d5 b5 4. cxb5 a6 5. b6 e6 6. Nc3 Nxd5 7. Nxd5 exd5 8. Qxd5 Nc6 9. e4 Be7 10. Bc4 0-0 11. Nf3 Rb8 12. 0-0 Na5 13. Bd3 Rxb6 14. Qh5 d5 15. exd5 g6 16. Qh6 Qxd5 17. Bg5 f6 18. Bxg6 hxg6 19. Qxg6+ Kh8 20. Rfe1 Qf7 21. Qh6+ Kg8 22. Bd2 Nc4 23. Bc3 Bd6 24. Re4 Ne5 25. Nxe5 fxe5 26. Qg5+ Qg7 27. Qxg7+ Kxg7 28. f4 Bb7 29. Rc4 Bd5 30. Ra4 Kf7 31. fxe5 Bb8 32. Rh4 Rg8 33. Rf1+ Ke8 34. g3 Re6 35. Rf6 Ba7 36. Rh7 Rxf6 37. exf6 Bf7 38. a3 c4+ 39. Kf1 Bc5 40. Rh4 Kd7 41. Rf4 Rg5 42. g4 Bd6 43. Rd4 Rd5 44. h4 Rxd4 45. Bxd4 Ke6 46. Kf2 Be5 47. Ke3 Bxf6 48. Bxf6 Kxf6 49. Ke4 Bg6+ 50. Kd4 Bd3 51. b3 Be2 52. g5+ Kg6 53. bxc4 Kh5 54. c5 Bf3 55. Ke5 Ba8 56. Kd6 1-0

[Event "Oberbayern-ch"]
[Site "Weilheim Marnbach"]
[Date "2012.05.??"]
[Round "1.9"]
[White "Knoblauch, Leonhard"]
[Black "Sandner, Michael"]
[Result "1/2-1/2"]
[WhiteElo "2114"]
[BlackElo "2090"]
[PlyCount "64"]
[EventDate "2012.05.17"]
[EventType "swiss"]
[EventRounds "7"]
[EventCountry "GER"]
[SourceTitle "EXT 2022"]
[Source "ChessBase"]
[SourceDate "2021.10.06"]
[SourceVersion "1"]
[SourceVersionDate "2021.10.06"]
[SourceQuality "1"]

1. e4 e6 2. d4 d5 3. Nc3 Bb4 4. e5 c5 5. a3 Bxc3+ 6. bxc3 Ne7 7. Bd3 Nbc6 8. Qg4 Qc7 9. Bd2 0-0 10. Nf3 f5 11. exf6 Rxf6 12. Qh5 g6 13. Qh4 Rf8 14. Bh6 Nf5 15. Bxf5 Rxf5 16. 0-0 Bd7 17. Rfe1 Re8 18. Ng5 e5 19. g4 Rf4 20. h3 Qd8 21. Qg3 Qf6 22. Qg2 e4 23. Qg3 Rf8 24. Bxf8 Qxf8 25. Rab1 Nd8 26. Nxh7 Kxh7 27. dxc5 Bc6 28. Re3 Ne6 29. Rd1 Qxc5 30. g5 Qf8 31. f3 Qc5 32. Rd4 Qxa3 1/2-1/2

[Event "Oberbayern-ch"]
[Site "Weilheim Marnbach"]
[Date "2012.05.??"]
[Round "4.7"]
[White "Sandner, Michael"]
[Black "Graf, Christian"]
[Result "1/2-1/2"]
[WhiteElo "2090"]
[BlackElo "2146"]
[PlyCount "92"]
[EventDate "2012.05.17"]
[EventType "swiss"]
[EventRounds "7"]
[EventCountry "GER"]
[SourceTitle "EXT 2022"]
[Source "ChessBase"]
[SourceDate "2021.10.06"]
[SourceVersion "1"]
[SourceVersionDate "2021.10.06"]
[SourceQuality "1"]

1. e4 c5 2. d4 cxd4 3. c3 Nf6 4. e5 Nd5 5. Nf3 Nc6 6. Bc4 Nb6 7. Bb3 d5 8. exd6 Qxd6 9. Na3 a6 10. 0-0 e6 11. cxd4 Be7 12. Be3 0-0 13. Qd3 Nb4 14. Qe2 Bd7 15. Nc4 Bb5 16. Rac1 Nxc4 17. Bxc4 Nxa2 18. Ra1 Bxc4 19. Qxc4 Nb4 20. Rfc1 Nd5 21. Ne5 Qb4 22. Qe2 Rac8 23. g3 Rc7 24. Rxc7 Nxc7 25. Rc1 Nd5 26. Rc4 Qb5 27. Qc2 Bd6 28. Bd2 Nb6 29. Rc3 Bxe5 30. dxe5 Nd5 31. Rc4 Qd7 32. Rh4 g6 33. Rc4 Re8 34. Bg5 b5 35. Rd4 Rc8 36. Qe4 Rc4 37. Rxc4 bxc4 38. Qxc4 Qb5 39. Qxb5 axb5 40. Bd2 Kf8 41. Kf1 Ke8 42. Ke2 Kd7 43. Kf3 h5 44. Ke4 Nb6 45. b3 Kc6 46. Bb4 Nd7 1/2-1/2

[Event "Oberbayern-ch"]
[Site "Weilheim Marnbach"]
[Date "2012.05.??"]
[Round "6.9"]
[White "Theumer, Lutz"]
[Black "Sandner, Michael"]
[Result "0-1"]
[WhiteElo "2117"]
[BlackElo "2090"]
[PlyCount "72"]
[EventDate "2012.05.17"]
[EventType "swiss"]
[EventRounds "7"]
[EventCountry "GER"]
[SourceTitle "EXT 2022"]
[Source "ChessBase"]
[SourceDate "2021.10.06"]
[SourceVersion "1"]
[SourceVersionDate "2021.10.06"]
[SourceQuality "1"]

1. d4 Nf6 2. c4 c5 3. d5 b5 4. cxb5 a6 5. bxa6 g6 6. Nc3 Bxa6 7. g3 d6 8. Bg2 Bg7 9. Nf3 Nbd7 10. 0-0 Nb6 11. Rb1 Bc4 12. b3 Nfxd5 13. Ne4 Ba6 14. Bb2 0-0 15. Bxg7 Kxg7 16. Qd2 Bb7 17. Qb2+ Kg8 18. Nfd2 Ra7 19. a4 Qa8 20. Rfc1 Rb8 21. Bf3 Bc6 22. Qc2 Nb4 23. Qd1 N6d5 24. Nc3 Nxc3 25. Rxc3 Bxf3 26. Rxf3 Qd5 27. Kf1 Nc6 28. e4 Qe6 29. Kg2 Rab7 30. Re3 Na5 31. f3 c4 32. bxc4 Nxc4 33. Re1 Rxb1 34. Nxb1 Nb2 35. Qc2 Nxa4 36. Kg1 Rb2 0-1

[Event "Bayern-chA 79th"]
[Site "Bad Neustadt/Saale"]
[Date "2008.09.03"]
[Round "6"]
[White "Sandner, Michael"]
[Black "Wild, Rudolf"]
[Result "0-1"]
[WhiteElo "2036"]
[BlackElo "2205"]
[PlyCount "72"]
[EventDate "2008.08.30"]
[EventType "swiss"]
[EventRounds "9"]
[EventCountry "GER"]
[SourceTitle "EXT 2015"]
[Source "ChessBase"]
[SourceDate "2014.11.20"]
[SourceVersion "1"]
[SourceVersionDate "2014.11.20"]
[SourceQuality "1"]

1. e4 c5 2. d4 cxd4 3. c3 dxc3 4. Nxc3 d6 5. Bc4 Nc6 6. Nf3 e6 7. 0-0 Nf6 8. Qe2 a6 9. Rd1 Qc7 10. Bf4 Ne5 11. Nxe5 dxe5 12. Nb5 axb5 13. Bxb5+ Bd7 14. Bxd7+ Nxd7 15. Rac1 Qb6 16. Be3 Qa5 17. Qd3 Nf6 18. Bg5 Bc5 19. b4 Qxb4 20. Bxf6 gxf6 21. Qd7+ Kf8 22. Rb1 Qxe4 23. Rxb7 Bxf2+ 24. Kh1 Qg6 25. Qc6 Bd4 26. Rb3 Rxa2 27. Qd6+ Kg7 28. Rg3 Rc8 29. Rxg6+ hxg6 30. Qd7 Rcc2 31. Qb7 Rab2 32. Qf3 Rf2 33. Qg3 e4 34. h4 Rxg2 35. Qxg2 Rxg2 36. Kxg2 e5 0-1

[Event "Bayern-chA 79th"]
[Site "Bad Neustadt/Saale"]
[Date "2008.09.01"]
[Round "4"]
[White "Sandner, Michael"]
[Black "Kliche, Alexander"]
[Result "0-1"]
[WhiteElo "2036"]
[BlackElo "2126"]
[PlyCount "66"]
[EventDate "2008.08.30"]
[EventType "swiss"]
[EventRounds "9"]
[EventCountry "GER"]
[SourceTitle "EXT 2015"]
[Source "ChessBase"]
[SourceDate "2014.11.20"]
[SourceVersion "1"]
[SourceVersionDate "2014.11.20"]
[SourceQuality "1"]

1. e4 e5 2. Nf3 Nc6 3. Bc4 Bc5 4. c3 Nf6 5. d4 exd4 6. cxd4 Bb4+ 7. Bd2 Bxd2+ 8. Nbxd2 d5 9. exd5 Nxd5 10. Qb3 Nce7 11. 0-0 0-0 12. Rfe1 c6 13. Rac1 Nb6 14. Bd3 Ned5 15. Qc2 h6 16. a3 Nf4 17. Bf1 Be6 18. Qe4 Qf6 19. g3 Ng6 20. Bd3 Rfe8 21. Bb1 Rad8 22. Qd3 Bd5 23. Ne5 Nxe5 24. dxe5 Rxe5 25. Rxe5 Qxe5 26. Nf3 Qxb2 27. Qh7+ Kf8 28. Re1 Be6 29. Bf5 Qf6 30. Bxe6 fxe6 31. Ne5 Nd7 32. Ng6+ Kf7 33. Re4 Qxg6 0-1

[Event "Bayern-chA 79th"]
[Site "Bad Neustadt/Saale"]
[Date "2008.08.30"]
[Round "1"]
[White "Palmi, Herbert"]
[Black "Sandner, Michael"]
[Result "1/2-1/2"]
[WhiteElo "2017"]
[BlackElo "2036"]
[PlyCount "37"]
[EventDate "2008.08.30"]
[EventType "swiss"]
[EventRounds "9"]
[EventCountry "GER"]
[SourceTitle "EXT 2015"]
[Source "ChessBase"]
[SourceDate "2014.11.20"]
[SourceVersion "1"]
[SourceVersionDate "2014.11.20"]
[SourceQuality "1"]

1. e4 e6 2. d3 d5 3. Nd2 Nf6 4. Ngf3 b6 5. g3 Bb7 6. Qe2 c5 7. Bg2 Nc6 8. 0-0 g6 9. Re1 Bg7 10. c3 dxe4 11. dxe4 e5 12. Nc4 Qc7 13. Qc2 0-0 14. Bg5 h6 15. Bxf6 Bxf6 16. Rad1 Rad8 17. Ne3 Ne7 18. c4 Bg7 19. Rxd8 1/2-1/2